000 00653nam a2200157 a 4500
001 000031187
005 20240305130541.0
008 110614s1988 dr r 000 0 spa d
040 _aDO-SdBNP
_bspa
_cBNPHU
082 _axxxx
_bT231s
100 1 _aTavares K., Juan Tomás,
_d1953-
_948925
245 1 0 _aSobre el bien y el mal de la República presentado en la puesta en circulación de los escritos de Ulises Francisco Espaillat en ocasión del 110 aniversario de su fallecimiento /
_cJuan Tomás Tavares Kelner,.
260 _aSanto Domingo :
_bSociedad Dominicana de Bibliófilos,
_c1988.
300 _a13 p. ;
_c23 cm.
590 _aInventariado, 2019/ YL
999 _c30679
_d30679